000 00207 a2200097 4500
001 3021
100 _aBobbs, E.R.
245 _aBasic Electromagnetism
260 _a
_bChapman & Hall
_c
090 _c2306
_d2306
942 _aNUST-CAE
_cM
_c14514
999 _c238094
_d238094